00760 2200181 4500245003500000020002200035250001100057100002100068700002100089650001700110005001900127260003800146041001400184084001100198300002900209500033100238336000900569 aDurasicDesi Mayang SarihText a978-602-1036-23-2 aCet. 1 aDesi Mayang Sari aIntan Faradillah aNovel Remaja a20240223112336 aJakartabTransMedia Pustakac2019 aIndonesia a808.83 aviii, 184 hlm. :c19 cm. aCinta akan datang dengan caranya sendiri, tanpa diduga atau dikira. Berkali-kali kita pikirkan kehadirannya, tetap tidak masuk akal. Mungkin, kita tidak perlu mencari tahu kapan cinta itu akan datang, kapan cinta itu dapat mengobati luka. Atau bahkan, dengan gelisah menanti datangnya cinta. Biarkan cinta hadir penuh kejutan. atext